000 00325nam a2200121Ia 4500
003 GCL
008 140319s9999 xx 000 0 eng d
040 _aGCL /
_cGCL
082 0 4 _a658.575
_bRM
245 1 0 _aManaging the development of new products
260 _a[S.N] :
_bMacmillan Publishing Company ،
_c1993
300 _a255 PP
999 _c17935
_d17935